[Event "Tournoi GMI ECAM LaSalle Lyon 2024"]
[Site "?"]
[Date "2024.04.26"]
[Round "7.3"]
[White "Shyaamnikhil P"]
[Black "Crut, Aurelien"]
[Result "1-0"]
[WhiteElo "2390"]
[BlackElo "2312"]
[PlyCount "161"]
[EventDate "2024.04.??"]
[EventType "tourn"]

1. e4 {[%emt 0:00:11]} e6 {[%emt 0:00:09]} 2. d4 {[%emt 0:00:22]} d5 {
[%emt 0:00:07]} 3. Nc3 {[%emt 0:00:13]} Bb4 {[%emt 0:00:17]} 4. e5 {
[%emt 0:02:50]} c5 {[%emt 0:00:38]} 5. Bd2 {[%emt 0:00:12]} Ne7 {[%emt 0:00:30]
} 6. a3 {[%emt 0:00:52]} Bxc3 {[%emt 0:01:56]} 7. Bxc3 {[%emt 0:00:07]} b6 {
[%emt 0:03:03]} 8. Bb5+ {[%emt 0:00:31]} Bd7 {[%emt 0:00:51]} 9. Be2 {
[%emt 0:02:21]} Nbc6 {[%emt 0:04:16]} 10. Nf3 {[%emt 0:00:19]} Qc7 {
[%emt 0:03:46]} 11. O-O {[%emt 0:00:40]} O-O {[%emt 0:06:18]} 12. Re1 {
[%emt 0:05:21]} Ng6 {[%emt 0:19:29]} 13. Bd3 {[%emt 0:09:52]} c4 {
[%emt 0:17:22]} 14. Bf1 {[%emt 0:06:30]} f6 {[%emt 0:04:47]} 15. exf6 {
[%emt 0:08:30]} Rxf6 {[%emt 0:01:49]} 16. g3 {[%emt 0:00:11]} Raf8 {
[%emt 0:02:17]} 17. Bg2 {[%emt 0:00:19]} h6 {[%emt 0:02:50]} 18. Rf1 {
[%emt 0:10:32]} b5 {[%emt 0:02:32]} 19. Bb4 {[%emt 0:01:49]} Nxb4 {
[%emt 0:04:28]} 20. axb4 {[%emt 0:00:11]} Bc8 {[%emt 0:03:52]} 21. Ra3 {
[%emt 0:02:05]} a6 {[%emt 0:02:55]} 22. Qd2 {[%emt 0:01:36]} Ne7 {
[%emt 0:02:40]} 23. Ne5 {[%emt 0:01:51]} Nc6 {[%emt 0:00:20]} 24. Ng4 {
[%emt 0:06:28]} R6f7 {[%emt 0:00:52]} 25. f4 {[%emt 0:00:34]} Qd6 {
[%emt 0:04:00]} 26. c3 {[%emt 0:01:19]} Ra7 {[%emt 0:01:02]} 27. Rfa1 {
[%emt 0:00:54]} Kh8 {[%emt 0:02:16]} 28. Qe3 {[%emt 0:01:12]} Kg8 {
[%emt 0:00:33]} 29. Bf3 {[%emt 0:00:35]} Raf7 {[%emt 0:02:06]} 30. Re1 {
[%emt 0:03:10]} Ra7 {[%emt 0:00:47]} 31. Rea1 {[%emt 0:01:05]} Raf7 {
[%emt 0:00:27]} 32. Be2 {[%emt 0:00:59]} Rc7 {[%emt 0:01:00]} 33. Bd1 {
[%emt 0:01:08]} Ra7 {[%emt 0:00:41]} 34. Bc2 {[%emt 0:00:35]} Qc7 {
[%emt 0:01:24]} 35. Bb1 {[%emt 0:03:15]} Qf7 {[%emt 0:01:02]} 36. Qe2 {
[%emt 0:02:19]} Rc7 {[%emt 0:02:29]} 37. Bc2 {[%emt 0:04:00]} Ra7 {
[%emt 0:00:21]} 38. Rf1 {[%emt 0:01:35]} a5 {[%emt 0:01:56]} 39. bxa5 {
[%emt 0:00:48]} b4 {[%emt 0:00:24]} 40. Raa1 {[%emt 0:00:55]} b3 {
[%emt 0:00:41]} 41. Bb1 {[%emt 0:00:07]} Qc7 {[%emt 0:11:57]} 42. a6 {
[%emt 0:06:44]} Qb6 {[%emt 0:01:32]} 43. h4 {[%emt 0:05:12]} Rxa6 {
[%emt 0:02:43]} 44. Rxa6 {[%emt 0:01:51]} Qxa6 {[%emt 0:00:04]} 45. h5 {
[%emt 0:00:21]} Qa7 {[%emt 0:01:31]} 46. Kh2 {[%emt 0:01:08]} Qc7 {
[%emt 0:03:12]} 47. Re1 {[%emt 0:02:44]} Qf7 {[%emt 0:01:42]} 48. Bg6 {
[%emt 0:00:32]} Qd7 {[%emt 0:01:19]} 49. Qg2 {[%emt 0:01:15]} Qd6 {
[%emt 0:00:31]} 50. Ra1 {[%emt 0:01:04]} Bd7 {[%emt 0:00:37]} 51. Ra6 {
[%emt 0:03:19]} Bc8 {[%emt 0:03:34]} 52. Ra1 {[%emt 0:04:26]} Bd7 {
[%emt 0:00:05]} 53. Qg1 {[%emt 0:01:22]} Qc7 {[%emt 0:01:50]} 54. Qe1 {
[%emt 0:06:22]} Qb7 {[%emt 0:02:26]} 55. Rd1 {[%emt 0:08:17]} Qc7 {
[%emt 0:00:13]} 56. Ra1 {[%emt 0:01:39]} Qb7 {[%emt 0:00:09]} 57. Qe3 {
[%emt 0:01:25]} Bc8 {[%emt 0:00:50]} 58. Ne5 {[%emt 0:04:38]} Bd7 {
[%emt 0:01:10]} 59. Nxc6 {[%emt 0:02:10]} Qxc6 {[%emt 0:00:03]} 60. Qe5 {
[%emt 0:00:08]} Qb6 {[%emt 0:01:55]} 61. g4 {[%emt 0:02:16]} Qb8 {
[%emt 0:00:45]} 62. Kg3 {[%emt 0:00:40]} Qxe5 {[%emt 0:00:54]} 63. dxe5 {
[%emt 0:00:05]} Be8 {[%emt 0:01:47]} 64. Bb1 {[%emt 0:01:12]} Bc6 {
[%emt 0:00:47]} 65. Ra6 Bd7 {[%emt 0:00:28]} 66. Ra7 {[%emt 0:00:29]} Bc6 {
[%emt 0:00:23]} 67. Rc7 {[%emt 0:00:39]} Bb5 {[%emt 0:00:31]} 68. Kf3 {
[%emt 0:02:11]} Rf7 {[%emt 0:00:52]} 69. Rc8+ {[%emt 0:00:20]} Rf8 {
[%emt 0:00:22]} 70. Rc5 {[%emt 0:01:06]} Bd7 {[%emt 0:00:19]} 71. Rc7 {
[%emt 0:00:07]} Rd8 {[%emt 0:00:51]} 72. Ke3 {[%emt 0:01:06]} Kf8 {
[%emt 0:00:28]} 73. Bg6 {[%emt 0:01:05]} Be8 {[%emt 0:00:26]} 74. Ra7 {
[%emt 0:00:30]} Rb8 {[%emt 0:01:36]} 75. f5 {[%emt 0:00:25]} exf5 {
[%emt 0:00:30]} 76. gxf5 {[%emt 0:00:06]} Bc6 {[%emt 0:00:29]} 77. Rc7 {
[%emt 0:00:19]} Be8 {[%emt 0:00:33]} 78. f6 {[%emt 0:00:54]} gxf6 {
[%emt 0:00:09]} 79. exf6 {[%emt 0:00:05]} Rd8 {[%emt 0:01:00]} 80. Rh7 {
[%emt 0:00:12]} d4+ {[%emt 0:00:28]} 81. cxd4 {[%emt 0:00:11]} 1-0

[Event "Tournoi GMI ECAM LaSalle Lyon 2024"]
[Site "?"]
[Date "2024.04.26"]
[Round "7.4"]
[White "Fedorchuk, Sergey A"]
[Black "Boyer, Mahel"]
[Result "0-1"]
[WhiteElo "2557"]
[BlackElo "2432"]
[PlyCount "68"]
[EventDate "2024.04.??"]
[EventType "tourn"]

1. e4 {[%emt 0:04:20]} e6 {[%emt 0:00:14]} 2. d4 {[%emt 0:00:47]} d5 {
[%emt 0:00:04]} 3. Nd2 {[%emt 0:01:02]} c5 {[%emt 0:00:05]} 4. Ngf3 {
[%emt 0:02:19]} a6 {[%emt 0:00:06]} 5. Bd3 {[%emt 0:05:46]} c4 {[%emt 0:00:11]}
6. Be2 {[%emt 0:01:29]} b5 {[%emt 0:00:03]} 7. c3 {[%emt 0:03:19]} dxe4 {
[%emt 0:05:43]} 8. Nxe4 {[%emt 0:06:31]} Bb7 {[%emt 0:00:08]} 9. Qc2 {
[%emt 0:02:58]} Nd7 {[%emt 0:04:47]} 10. Bf4 {[%emt 0:06:30]} Qb6 {
[%emt 0:06:15]} 11. Ne5 {[%emt 0:18:55]} Ngf6 {[%emt 0:04:40]} 12. Nxd7 {
[%emt 0:03:13]} Nxd7 {[%emt 0:00:32]} 13. Bf3 {[%emt 0:01:59]} Be7 {
[%emt 0:01:36]} 14. Bd6 {[%emt 0:07:05]} f5 {[%emt 0:17:47]} 15. Bxe7 {
[%emt 0:00:38]} fxe4 {[%emt 0:00:18]} 16. Bc5 {[%emt 0:00:06]} Nxc5 {
[%emt 0:00:12]} 17. dxc5 {[%emt 0:00:05]} Qc6 {[%emt 0:02:00]} 18. Bg4 {
[%emt 0:00:50]} O-O {[%emt 0:00:49]} 19. Qe2 {[%emt 0:13:58]} Rad8 {
[%emt 0:06:04]} 20. O-O {[%emt 0:01:31]} Rd3 {[%emt 0:00:13]} 21. a4 {
[%emt 0:01:45]} bxa4 {[%emt 0:18:23]} 22. Rfe1 {[%emt 0:01:01]} Rf6 {
[%emt 0:01:48]} 23. h3 {[%emt 0:06:30]} e3 {[%emt 0:05:50]} 24. fxe3 {
[%emt 0:04:22]} Rxe3 {[%emt 0:00:10]} 25. Qc2 {[%emt 0:01:46]} Rg3 {
[%emt 0:03:24]} 26. Re2 {[%emt 0:00:18]} Qxc5+ {[%emt 0:00:56]} 27. Kh2 {
[%emt 0:00:06]} Rxg4 {[%emt 0:00:31]} 28. hxg4 {[%emt 0:00:30]} Rh6+ {
[%emt 0:00:08]} 29. Kg3 {[%emt 0:00:03]} Qd6+ {[%emt 0:00:27]} 30. Kf2 {
[%emt 0:00:09]} Qf4+ {[%emt 0:00:11]} 31. Kg1 {[%emt 0:00:10]} Qh2+ {
[%emt 0:00:04]} 32. Kf1 {[%emt 0:01:26]} Rf6+ {[%emt 0:01:35]} 33. Ke1 {
[%emt 0:00:25]} Qg1+ {[%emt 0:00:07]} 34. Kd2 {[%emt 0:00:07]} Qxa1 {
[%emt 0:00:08]} 0-1

[Event "Tournoi GMI ECAM LaSalle Lyon 2024"]
[Site "?"]
[Date "2024.04.26"]
[Round "7.2"]
[White "Gatineau, Yovann"]
[Black "Tahay, Alexis"]
[Result "1/2-1/2"]
[WhiteElo "2408"]
[BlackElo "2382"]
[PlyCount "144"]
[EventDate "2024.04.??"]
[EventType "tourn"]

1. d4 {[%emt 0:03:03]} Nf6 {[%emt 0:01:22]} 2. c4 {[%emt 0:00:14]} e6 {
[%emt 0:00:05]} 3. Nf3 {[%emt 0:00:07]} d5 {[%emt 0:00:16]} 4. Nc3 {
[%emt 0:00:05]} Bb4 {[%emt 0:00:13]} 5. Bg5 {[%emt 0:00:51]} h6 {[%emt 0:01:58]
} 6. Bxf6 {[%emt 0:00:07]} Qxf6 {[%emt 0:00:04]} 7. Qa4+ {[%emt 0:00:06]} Nc6 {
[%emt 0:00:03]} 8. e3 {[%emt 0:00:04]} O-O {[%emt 0:00:25]} 9. Be2 {
[%emt 0:00:06]} dxc4 {[%emt 0:01:24]} 10. O-O {[%emt 0:01:30]} Bd7 {
[%emt 0:04:22]} 11. Bxc4 {[%emt 0:00:47]} Bxc3 {[%emt 0:00:07]} 12. bxc3 {
[%emt 0:00:06]} Rfd8 {[%emt 0:00:48]} 13. Be2 {[%emt 0:00:58]} Be8 {
[%emt 0:04:29]} 14. Qa3 {[%emt 0:05:11]} Qe7 {[%emt 0:02:23]} 15. Qb2 {
[%emt 0:00:06]} Na5 {[%emt 0:01:06]} 16. Qb4 {[%emt 0:00:24]} Qxb4 {
[%emt 0:00:09]} 17. cxb4 {[%emt 0:00:06]} Nc6 {[%emt 0:00:07]} 18. Rab1 {
[%emt 0:08:59]} Ne7 {[%emt 0:09:29]} 19. Rfc1 {[%emt 0:01:11]} c6 {
[%emt 0:00:38]} 20. Ne5 {[%emt 0:02:13]} Nf5 {[%emt 0:05:57]} 21. Rc5 {
[%emt 0:11:00]} f6 {[%emt 0:12:04]} 22. Nd3 {[%emt 0:02:25]} Nd6 {
[%emt 0:01:28]} 23. f3 {[%emt 0:03:52]} Nf7 {[%emt 0:02:49]} 24. Kf2 {
[%emt 0:06:16]} g5 {[%emt 0:03:27]} 25. Rc3 {[%emt 0:05:53]} Nd6 {
[%emt 0:03:27]} 26. Nc5 {[%emt 0:02:28]} Bf7 {[%emt 0:02:00]} 27. a4 {
[%emt 0:02:14]} Kf8 {[%emt 0:06:17]} 28. e4 {[%emt 0:08:56]} Rab8 {
[%emt 0:03:54]} 29. h4 {[%emt 0:05:44]} g4 {[%emt 0:09:48]} 30. Ke3 {
[%emt 0:12:09]} gxf3 {[%emt 0:00:06]} 31. gxf3 {[%emt 0:03:17]} Ke7 {
[%emt 0:00:23]} 32. Bd3 {[%emt 0:05:27]} e5 {[%emt 0:03:47]} 33. dxe5 {
[%emt 0:00:32]} fxe5 {[%emt 0:00:01]} 34. f4 {[%emt 0:01:19]} exf4+ {
[%emt 0:00:05]} 35. Kxf4 {[%emt 0:00:02]} Rf8 {[%emt 0:00:32]} 36. Ke3 {
[%emt 0:01:11]} Bh5 {[%emt 0:01:34]} 37. Be2 {[%emt 0:05:30]} Bxe2 {
[%emt 0:00:10]} 38. Kxe2 {[%emt 0:00:01]} Rf4 {[%emt 0:03:14]} 39. Rf3 {
[%emt 0:02:13]} Rbf8 {[%emt 0:03:53]} 40. Rbf1 {[%emt 0:00:58]} Rxf3 {
[%emt 0:00:10]} 41. Rxf3 {[%emt 0:00:02]} Rxf3 {[%emt 0:06:26]} 42. Kxf3 {
[%emt 0:00:02]} b6 43. Nb3 {[%emt 0:03:06]} Kf6 {[%emt 0:04:03]} 44. Nd4 {
[%emt 0:06:03]} c5 {[%emt 0:00:16]} 45. Nc6 {[%emt 0:02:52]} Nc4 {
[%emt 0:12:47]} 46. bxc5 {[%emt 0:01:03]} a5 {[%emt 0:01:34]} 47. Nd4 {
[%emt 0:11:18]} bxc5 {[%emt 0:01:27]} 48. Nb3 {[%emt 0:00:19]} Ne5+ {
[%emt 0:06:36]} 49. Ke3 {[%emt 0:00:20]} Nd7 {[%emt 0:00:16]} 50. Kd3 {
[%emt 0:05:36]} Nb6 {[%emt 0:05:47]} 51. Nxc5 {[%emt 0:00:22]} Ke5 {
[%emt 0:00:14]} 52. h5 {[%emt 0:01:00]} Kf4 {[%emt 0:02:13]} 53. Kd4 {
[%emt 0:00:49]} Kg5 {[%emt 0:00:27]} 54. Ke5 {[%emt 0:03:10]} Kxh5 {
[%emt 0:04:46]} 55. Kf5 {[%emt 0:00:03]} Kh4 {[%emt 0:00:49]} 56. e5 {
[%emt 0:00:23]} h5 {[%emt 0:00:20]} 57. e6 {[%emt 0:00:43]} Nd5 {[%emt 0:00:40]
} 58. Ne4 {[%emt 0:03:02]} Kh3 {[%emt 0:00:58]} 59. Nc3 {[%emt 0:01:25]} Ne7+ {
[%emt 0:02:13]} 60. Kg5 {[%emt 0:00:04]} h4 {[%emt 0:00:11]} 61. Ne2 {
[%emt 0:00:41]} Nc6 {[%emt 0:00:19]} 62. Nf4+ {[%emt 0:00:35]} Kg3 {
[%emt 0:00:02]} 63. Nh5+ {[%emt 0:00:07]} Kf3 {[%emt 0:01:53]} 64. Kxh4 {
[%emt 0:00:09]} Ke4 65. Kg5 {[%emt 0:00:40]} Ke5 {[%emt 0:00:07]} 66. Ng7 {
[%emt 0:00:31]} Ne7 {[%emt 0:00:02]} 67. Kh6 {[%emt 0:01:09]} Kf6 {
[%emt 0:00:02]} 68. Kh7 {[%emt 0:00:13]} Nc6 {[%emt 0:00:14]} 69. Kh6 {
[%emt 0:00:39]} Nd8 {[%emt 0:00:03]} 70. e7 {[%emt 0:00:30]} Kxe7 {
[%emt 0:00:02]} 71. Nf5+ {[%emt 0:00:04]} Ke6 {[%emt 0:00:11]} 72. Nd4+ {
[%emt 0:00:03]} Kd5 {[%emt 0:00:08]} 1/2-1/2

[Event "Tournoi GMI ECAM LaSalle Lyon 2024"]
[Site "?"]
[Date "2024.04.26"]
[Round "7.5"]
[White "Pourramezanali, Amirreza"]
[Black "Droin, Augustin"]
[Result "1-0"]
[WhiteElo "2502"]
[BlackElo "2478"]
[PlyCount "139"]
[EventDate "2024.04.??"]
[EventType "tourn"]

1. d4 {[%emt 0:00:02]} d5 {[%emt 0:00:31]} 2. c4 {[%emt 0:00:10]} e6 {
[%emt 0:00:08]} 3. Nf3 {[%emt 0:00:06]} Nf6 {[%emt 0:00:04]} 4. Nc3 {
[%emt 0:00:18]} c6 {[%emt 0:00:15]} 5. e3 {[%emt 0:00:07]} Nbd7 {[%emt 0:00:08]
} 6. Be2 {[%emt 0:00:07]} Bd6 {[%emt 0:00:34]} 7. O-O {[%emt 0:00:16]} O-O {
[%emt 0:00:04]} 8. b3 {[%emt 0:00:09]} b6 {[%emt 0:00:04]} 9. Bb2 {
[%emt 0:00:05]} Bb7 {[%emt 0:00:05]} 10. Bd3 {[%emt 0:00:18]} c5 {
[%emt 0:07:40]} 11. cxd5 {[%emt 0:00:24]} exd5 {[%emt 0:00:59]} 12. Nb5 {
[%emt 0:01:16]} Be7 {[%emt 0:06:17]} 13. Rc1 {[%emt 0:01:35]} a6 {
[%emt 0:01:10]} 14. Nc3 {[%emt 0:00:02]} Re8 {[%emt 0:02:46]} 15. Re1 {
[%emt 0:00:26]} Rc8 {[%emt 0:03:08]} 16. Qe2 {[%emt 0:07:45]} b5 {
[%emt 0:00:20]} 17. dxc5 {[%emt 0:00:11]} Bxc5 {[%emt 0:00:04]} 18. Nb1 {
[%emt 0:08:48]} Ne4 {[%emt 0:03:47]} 19. Bd4 {[%emt 0:02:25]} Bxd4 {
[%emt 0:00:24]} 20. Nxd4 {[%emt 0:02:01]} Ne5 {[%emt 0:00:19]} 21. Rxc8 {
[%emt 0:13:06]} Bxc8 {[%emt 0:10:10]} 22. f3 {[%emt 0:02:38]} Nc5 {
[%emt 0:08:18]} 23. Bc2 {[%emt 0:07:52]} Qb6 24. Nc3 {[%emt 0:03:22]} Bb7 {
[%emt 0:01:36]} 25. Qd2 {[%emt 0:02:43]} Ne6 {[%emt 0:10:07]} 26. Nce2 {
[%emt 0:03:44]} Nc6 {[%emt 0:00:15]} 27. Nxc6 {[%emt 0:06:55]} Bxc6 {
[%emt 0:00:04]} 28. Bf5 {[%emt 0:03:27]} b4 {[%emt 0:01:16]} 29. Bxe6 {
[%emt 0:09:41]} fxe6 {[%emt 0:00:11]} 30. Nd4 {[%emt 0:00:33]} Bb7 {
[%emt 0:03:44]} 31. f4 {[%emt 0:00:36]} e5 {[%emt 0:00:06]} 32. fxe5 {
[%emt 0:00:12]} Rxe5 {[%emt 0:00:03]} 33. Rf1 {[%emt 0:01:04]} Re8 {
[%emt 0:04:30]} 34. Rf4 {[%emt 0:06:01]} a5 {[%emt 0:03:12]} 35. Nf5 {
[%emt 0:02:41]} Qf6 {[%emt 0:01:12]} 36. h3 {[%emt 0:03:47]} Qa1+ {
[%emt 0:06:38]} 37. Kf2 {[%emt 0:08:51]} Qc3 {[%emt 0:02:02]} 38. Qd4 {
[%emt 0:00:54]} Qxd4 {[%emt 0:01:40]} 39. Nxd4 {[%emt 0:00:25]} Rc8 {
[%emt 0:02:30]} 40. Ke2 {[%emt 0:01:11]} Rc1 {[%emt 0:02:21]} 41. Rf2 {
[%emt 0:04:34]} Ba6+ {[%emt 0:01:08]} 42. Kf3 {[%emt 0:00:53]} Bd3 {
[%emt 0:05:45]} 43. Kf4 {[%emt 0:00:41]} Be4 {[%emt 0:00:16]} 44. Ke5 {
[%emt 0:00:51]} Rg1 {[%emt 0:21:30]} 45. Nf3 {[%emt 0:11:21]} Rd1 {
[%emt 0:06:00]} 46. Ng5 {[%emt 0:00:22]} Bb1 {[%emt 0:02:30]} 47. Ne6 {
[%emt 0:00:24]} h6 {[%emt 0:06:34]} 48. Rf8+ Kh7 {[%emt 0:00:03]} 49. Rf7 {
[%emt 0:00:07]} d4 {[%emt 0:03:20]} 50. Rxg7+ {[%emt 0:01:56]} Kh8 {
[%emt 0:00:04]} 51. Rd7 {[%emt 0:00:22]} Rd2 {[%emt 0:00:45]} 52. exd4 {
[%emt 0:02:01]} Bxa2 {[%emt 0:00:40]} 53. Nc5 {[%emt 0:11:05]} Rxg2 {
[%emt 0:00:19]} 54. d5 {[%emt 0:01:24]} a4 {[%emt 0:00:28]} 55. Nxa4 {
[%emt 0:00:55]} Bxb3 {[%emt 0:00:04]} 56. Nc5 {[%emt 0:00:02]} Ba2 {
[%emt 0:07:22]} 57. Ne4 {[%emt 0:00:37]} Re2 {[%emt 0:02:09]} 58. Rb7 {
[%emt 0:00:24]} Bxd5 {[%emt 0:02:57]} 59. Kxd5 {[%emt 0:00:01]} Kg8 {
[%emt 0:00:05]} 60. Rxb4 {[%emt 0:00:32]} Re3 {[%emt 0:00:36]} 61. h4 {
[%emt 0:00:32]} Kg7 {[%emt 0:00:02]} 62. h5 {[%emt 0:00:42]} Rh3 {
[%emt 0:01:19]} 63. Rb7+ {[%emt 0:00:02]} Kg8 {[%emt 0:00:06]} 64. Ke6 {
[%emt 0:00:23]} Re3 {[%emt 0:00:20]} 65. Kf5 {[%emt 0:00:06]} Re1 {
[%emt 0:00:12]} 66. Nf6+ {[%emt 0:00:36]} Kf8 {[%emt 0:00:04]} 67. Nd7+ {
[%emt 0:00:21]} Kg7 {[%emt 0:00:36]} 68. Ne5+ {[%emt 0:00:12]} Kf8 {
[%emt 0:00:14]} 69. Kf6 {[%emt 0:00:10]} Kg8 {[%emt 0:00:03]} 70. Rg7+ {
[%emt 0:00:18]} 1-0

[Event "Tournoi GMI ECAM LaSalle Lyon 2024"]
[Site "?"]
[Date "2024.04.27"]
[Round "8.3"]
[White "Boyer, Mahel"]
[Black "Shyaamnikhil P"]
[Result "1/2-1/2"]
[WhiteElo "2432"]
[BlackElo "2390"]
[PlyCount "47"]
[EventDate "2024.04.??"]
[EventType "tourn"]

1. d4 {[%emt 0:04:14]} Nf6 {[%emt 0:00:34]} 2. c4 {[%emt 0:00:33]} e6 {
[%emt 0:03:32]} 3. Nf3 {[%emt 0:00:28]} Bb4+ {[%emt 0:02:18]} 4. Nbd2 {
[%emt 0:00:12]} O-O {[%emt 0:02:16]} 5. a3 {[%emt 0:00:08]} Bxd2+ {
[%emt 0:02:21]} 6. Qxd2 {[%emt 0:02:31]} d6 {[%emt 0:01:00]} 7. e3 {
[%emt 0:02:53]} b6 {[%emt 0:01:25]} 8. Be2 {[%emt 0:00:36]} Bb7 {[%emt 0:00:18]
} 9. O-O {[%emt 0:01:01]} a5 {[%emt 0:03:07]} 10. b3 {[%emt 0:00:53]} Nbd7 {
[%emt 0:04:10]} 11. Bb2 {[%emt 0:00:04]} Ne4 {[%emt 0:00:18]} 12. Qc2 {
[%emt 0:02:06]} f5 {[%emt 0:01:17]} 13. d5 {[%emt 0:07:37]} e5 {[%emt 0:06:09]}
14. b4 {[%emt 0:00:03]} Rf6 {[%emt 0:03:13]} 15. Bd3 {[%emt 0:06:09]} Rh6 {
[%emt 0:02:42]} 16. Bxe4 {[%emt 0:05:18]} fxe4 {[%emt 0:00:16]} 17. Qxe4 {
[%emt 0:00:02]} Nf6 {[%emt 0:00:16]} 18. Qc2 {[%emt 0:00:36]} Qe8 {
[%emt 0:03:49]} 19. h3 {[%emt 0:18:21]} Qh5 {[%emt 0:01:22]} 20. Nh2 {
[%emt 0:00:08]} Rg6 {[%emt 0:04:15]} 21. f4 {[%emt 0:01:45]} Qxh3 {
[%emt 0:12:41]} 22. Rf3 {[%emt 0:01:56]} Qh5 {[%emt 0:00:48]} 23. fxe5 {
[%emt 0:00:22]} dxe5 {[%emt 0:00:15]} 24. Qf5 {[%emt 0:09:29]} 1/2-1/2

[Event "Tournoi GMI ECAM LaSalle Lyon 2024"]
[Site "?"]
[Date "2024.04.27"]
[Round "8.1"]
[White "Vlachos, Anatole"]
[Black "Gatineau, Yovann"]
[Result "1/2-1/2"]
[WhiteElo "2482"]
[BlackElo "2408"]
[PlyCount "122"]
[EventDate "2024.04.??"]
[EventType "tourn"]

1. e4 {[%emt 0:00:02]} e6 {[%emt 0:02:59]} 2. d4 {[%emt 0:00:04]} d5 {
[%emt 0:00:07]} 3. Nc3 {[%emt 0:00:04]} Nf6 {[%emt 0:00:12]} 4. e5 {
[%emt 0:00:04]} Nfd7 {[%emt 0:00:16]} 5. f4 {[%emt 0:00:05]} c5 {[%emt 0:00:05]
} 6. Nf3 {[%emt 0:00:03]} Nc6 {[%emt 0:00:16]} 7. Be3 {[%emt 0:00:04]} Be7 {
[%emt 0:00:03]} 8. Qd2 {[%emt 0:00:05]} O-O {[%emt 0:00:19]} 9. dxc5 {
[%emt 0:00:03]} Qa5 {[%emt 0:00:17]} 10. Nd4 {[%emt 0:00:05]} Bxc5 {
[%emt 0:00:41]} 11. Nb3 {[%emt 0:00:05]} Bxe3 {[%emt 0:00:05]} 12. Qxe3 {
[%emt 0:00:03]} Qb6 {[%emt 0:00:21]} 13. Qxb6 {[%emt 0:00:04]} axb6 {
[%emt 0:00:04]} 14. O-O-O {[%emt 0:00:04]} g5 {[%emt 0:10:14]} 15. g3 {
[%emt 0:00:02]} gxf4 {[%emt 0:01:40]} 16. gxf4 {[%emt 0:00:02]} f6 {
[%emt 0:00:08]} 17. Bh3 {[%emt 0:16:34]} Nc5 {[%emt 0:03:07]} 18. f5 {
[%emt 0:02:32]} exf5 {[%emt 0:17:22]} 19. exf6 {[%emt 0:07:29]} Nxb3+ {
[%emt 0:03:39]} 20. cxb3 {[%emt 0:02:11]} d4 {[%emt 0:04:02]} 21. Nd5 {
[%emt 0:03:08]} Rxa2 {[%emt 0:04:40]} 22. Rhg1+ Kh8 23. Kb1 Ra5 24. Ne7 Be6 25.
Nxc6 bxc6 26. Rxd4 Bxb3 27. Rg3 Bd5 28. b4 Ra4 29. Bxf5 Rxf6 30. Bd3 Rf2 31.
Rh3 Ba2+ 32. Kc1 Bg8 33. Kb1 Ba2+ 34. Kc1 Bg8 35. Kb1 c5 36. Rd8 Rxb4+ 37. Kc1
Rf7 38. Rb8 Rg4 39. Rxb6 Rf2 40. Rg3 Rxg3 41. hxg3 Rf3 42. Kd2 Rxg3 43. Rc6 Rg5
44. Ke3 Rh5 45. Rc7 h6 46. Kf4 Rg5 47. Rc6 Kg7 48. Rc7+ Kf6 49. Rc6+ Be6 50.
Ba6 Ke7 51. Bd3 Kd7 52. Bb5 Rf5+ 53. Ke4 Ke7 54. Bc4 Bd7 55. Rxh6 Rg5 56. Rh7+
Kd6 57. Rh6+ Kc7 58. Rh7 Rg4+ 59. Kd5 Rg5+ 60. Ke4 Rg4+ 61. Kd5 Rg5+ 1/2-1/2

[Event "Tournoi GMI ECAM LaSalle Lyon 2024"]
[Site "?"]
[Date "2024.04.27"]
[Round "8.4"]
[White "Tahay, Alexis"]
[Black "Pourramezanali, Amirreza"]
[Result "0-1"]
[WhiteElo "2382"]
[BlackElo "2502"]
[PlyCount "52"]
[EventDate "2024.04.??"]
[EventType "tourn"]

1. e4 {[%emt 0:02:59]} e5 {[%emt 0:00:06]} 2. Nf3 {[%emt 0:00:04]} Nc6 {
[%emt 0:00:06]} 3. Bb5 {[%emt 0:00:03]} a6 {[%emt 0:00:08]} 4. Ba4 {
[%emt 0:00:02]} d6 {[%emt 0:00:07]} 5. O-O {[%emt 0:00:41]} Bd7 {[%emt 0:00:05]
} 6. c4 {[%emt 0:01:40]} Nf6 {[%emt 0:00:09]} 7. Re1 {[%emt 0:04:15]} Bg4 {
[%emt 0:00:37]} 8. h3 {[%emt 0:01:03]} Bxf3 {[%emt 0:00:04]} 9. Qxf3 {
[%emt 0:00:05]} Nd7 {[%emt 0:00:04]} 10. Bxc6 {[%emt 0:02:06]} bxc6 {
[%emt 0:00:10]} 11. d4 {[%emt 0:02:44]} exd4 {[%emt 0:09:01]} 12. e5 {
[%emt 0:00:09]} dxe5 {[%emt 0:05:35]} 13. Qxc6 {[%emt 0:00:12]} f6 {
[%emt 0:00:36]} 14. f4 {[%emt 0:00:05]} Bb4 {[%emt 0:01:18]} 15. Bd2 {
[%emt 0:00:04]} Bxd2 {[%emt 0:00:15]} 16. Nxd2 {[%emt 0:00:02]} O-O {
[%emt 0:00:30]} 17. Nf3 {[%emt 0:01:10]} Kh8 {[%emt 0:18:49]} 18. fxe5 {
[%emt 0:05:08]} Nxe5 {[%emt 0:00:22]} 19. Nxe5 {[%emt 0:00:06]} fxe5 {
[%emt 0:00:04]} 20. Rxe5 {[%emt 0:00:08]} Qh4 {[%emt 0:09:35]} 21. Rf5 {
[%emt 0:12:59]} Rad8 {[%emt 0:08:44]} 22. Raf1 {[%emt 0:04:57]} Rxf5 {
[%emt 0:00:43]} 23. Rxf5 {[%emt 0:00:02]} d3 {[%emt 0:04:13]} 24. Qc5 {
[%emt 0:07:13]} Qe1+ {[%emt 0:06:13]} 25. Kh2 {[%emt 0:00:09]} Qe8 {
[%emt 0:01:47]} 26. Re5 {[%emt 0:00:28]} Qxe5+ {[%emt 0:00:08]} 0-1

[Event "Tournoi GMI ECAM LaSalle Lyon 2024"]
[Site "?"]
[Date "2024.04.27"]
[Round "8.2"]
[White "Droin, Augustin"]
[Black "Fedorchuk, Sergey A"]
[Result "0-1"]
[WhiteElo "2478"]
[BlackElo "2557"]
[PlyCount "50"]
[EventDate "2024.04.??"]
[EventType "tourn"]

1. e4 {[%emt 0:03:05]} e5 {[%emt 0:00:34]} 2. Nf3 {[%emt 0:00:04]} Nc6 {
[%emt 0:00:10]} 3. Bc4 {[%emt 0:00:26]} Bc5 {[%emt 0:00:13]} 4. d3 {
[%emt 0:01:18]} Nf6 {[%emt 0:00:47]} 5. O-O {[%emt 0:00:29]} d6 {[%emt 0:02:44]
} 6. c3 {[%emt 0:00:24]} a6 {[%emt 0:01:30]} 7. Re1 {[%emt 0:00:45]} Ba7 {
[%emt 0:05:39]} 8. Bb3 {[%emt 0:06:34]} h6 {[%emt 0:04:31]} 9. Be3 {
[%emt 0:00:27]} O-O {[%emt 0:02:44]} 10. Bxa7 {[%emt 0:00:15]} Rxa7 {
[%emt 0:00:03]} 11. h3 {[%emt 0:00:48]} Nh5 {[%emt 0:12:18]} 12. Kh2 {
[%emt 0:13:57]} Nf4 {[%emt 0:05:13]} 13. Re3 {[%emt 0:06:28]} Ra8 {
[%emt 0:01:32]} 14. Ng1 {[%emt 0:07:00]} Be6 {[%emt 0:07:11]} 15. g3 {
[%emt 0:06:27]} Bxb3 {[%emt 0:07:38]} 16. Qxb3 {[%emt 0:01:51]} Ne6 {
[%emt 0:00:16]} 17. Qxb7 {[%emt 0:00:42]} Qd7 {[%emt 0:00:06]} 18. Qb3 {
[%emt 0:00:04]} f5 {[%emt 0:00:07]} 19. exf5 {[%emt 0:04:06]} Rxf5 {
[%emt 0:01:48]} 20. Rf3 {[%emt 0:00:02]} Rb8 {[%emt 0:07:52]} 21. Qd5 {
[%emt 0:10:04]} Ne7 {[%emt 0:04:02]} 22. Qc4 {[%emt 0:01:45]} d5 {
[%emt 0:10:31]} 23. Qxa6 {[%emt 0:00:22]} Ng5 {[%emt 0:03:10]} 24. Rxf5 {
[%emt 0:03:15]} Qxf5 {[%emt 0:01:01]} 25. Kg2 {[%emt 0:00:16]} Rxb2 {
[%emt 0:04:21]} 0-1